| 000 | 00846nam a2200253 4500 | ||
|---|---|---|---|
| 001 | 121274 | ||
| 003 | ES-MaACL | ||
| 005 | 20230906191725.0 | ||
| 007 | t| | ||
| 008 | 070214s1999 sp r ||||1| spa d | ||
| 080 | _a681.31.06 BASIC | ||
| 100 | 1 |
_aPoole, Lon. _993078 |
|
| 245 | 1 | 0 |
_aAlgunos programas de uso común en basic _b: edición TRS-80 nivel II / _cLon Poole, Mary Borchers, Karl Koessel ; traducción de Sebastián Dormido Bencomo. |
| 260 |
_aMadrid : _bMcGraw-Hill, _c1983. |
||
| 300 |
_aX, 193 p. : _bil. ; _c28 cm. |
||
| 490 | 1 | _aOsborne | |
| 650 | 4 |
_aBASIC (Lenguaje de programación) _9148302 |
|
| 700 | 1 |
_aBorchers, Mary. _930371 |
|
| 700 | 1 |
_aKoessel, Karl. _968458 |
|
| 700 | 1 |
_aDormido Bencomo, Sebastián. _945412 |
|
| 830 | 0 |
_aOsborne _9177308 |
|
| 852 |
_aES-MaACL _jL-7566 _bR.107989 |
||
| 999 |
_c121274 _d121274 |
||